01744nam a2200253 a 4500001001000000005001700010008004100027041000800068044000700076084002100083100004500104245009500149260003800244300007500282440005400357500022900411500058500640500001101225650005201236650005601288650003401344700006201378740005001440BRCA_272820190320203937.0031208s1893----fr-a---###---#000-0dspa-u aspa asp a222b.G376c18931 aCervantes Saavedra, Miguel ded1547-161610aEl Ingenioso Hidalgo Don Quijote de la Manchaccompuesto por Miguel de Cervantes Saavedra. aParísbGarnier hermanosc[1893] acxix, 679 p.bil.c22 cm.e1 carta facsímil autógrafa de Cervantes 0aColección de los mejores autores españolesn1 aContenido : primera parte. Retrato de Cervantes. Vida del autor por M. F. de Navarrete. Dedicatoria del autor. Prólogo del autor. Versos preliminares. Texto. Segunda parte. Dedicatoria del autor. Prólogo del autor. Texto aEdición similar a las publicadas por el editor Baudry. Este hizo uso con frecuencia, en sus impresiones de la obra de Cervantes, de la vida del autor escrita por M. F. de Navarrete. Dicha biografía aparece por vez primera en la cuarta edición de la Academia (1819), cuyo texto tomó por modelo. De tal suerte, la edición que describimos, viene a ser una reimpresión de la publicda por la misma Casa editorial, en 1840. El retrato de Cervantes, obra de Geoffroy, y las láminas son los mismo que aparecen en otras ediciones de la Casa Garnier. Semipiel Lúdovik Osterc aQM148B14aNovela españolayÉpoca clásica, 1500-170014aLiteratura españolayÉpoca clásica, 1500-170014aNovela españolaySiglo XVII1 aFernández de Navarrete, Martínd1765-1844eBiógrafo0 aEl Ingenioso Hidalgo Don Quijote de la Mancha